000 02009cam a22004694a 4500
001 14322344
003 ARRUPE
005 20211008112718.0
008 060330s2006 enka b 001 0 eng
010 _a 2006045335
015 _aGBA640623
_2bnb
016 7 _a013447866
_2Uk
020 _a0852559453 (James Currey cloth)
020 _a9780852559451 (James Currey cloth)
020 _a0852559461 (James Currey paper)
020 _a9780852559468 (James Currey paper)
020 _a0821417215 (cloth : alk. paper)
020 _a9780821417218 (cloth : alk. paper)
020 _a0821417223 (paper : alk. paper)
020 _a9780821417225 (paper : alk. paper)
035 _a(OCoLC)ocm65820633
035 _a(OCoLC)65820633
040 _aDLC
_cDLC
_dYDX
_dUKM
_dIXA
_dBAKER
_dYDXCP
_dPUL
_dDLC
042 _apcc
043 _af------
050 0 0 _aJQ1879.A15
_bD39 2006
082 0 0 _a320.96
_222
245 0 0 _aDemocratic reform in Africa :
_bits impact on governance & poverty alleviation /
_cedited by Muna Ndulo.
260 _aOxford [England] :
_bJames Currey ;
_aAthens, Ohio :
_bOhio University Press,
_c2006.
300 _axvi, 304 p. :
_bill. ;
_c24 cm.
504 _aIncludes bibliographical references (p. [276]-293) and index.
610 2 0 _aContinental Organization for Global Co-operation Against Poverty in Africa.
_910547
650 0 _aDemocracy
_zAfrica.
_912206
651 0 _aAfrica
_xPolitics and government
_y1960-
700 1 _aNdulo, Muna.
_950385
856 4 1 _3Table of contents only
_uhttp://www.loc.gov/catdir/toc/fy0705/2006045335.html
856 4 2 _3Contributor biographical information
_uhttp://www.loc.gov/catdir/enhancements/fy0707/2006045335-b.html
856 4 2 _3Publisher description
_uhttp://www.loc.gov/catdir/enhancements/fy0707/2006045335-d.html
906 _a7
_bcbc
_corignew
_d1
_eocip
_f20
_gy-gencatlg
942 _2lcc
_cMONOGRAPH
999 _c130742
_d130742